[Event "Kuzbass-ch"]
[Site "Kemerovo"]
[Date "2010.10.30"]
[Round "9"]
[White "Emeljashin, Yury"]
[Black "Grishenko, Vladimir"]
[Result "0-1"]
[WhiteElo "2065"]
[BlackElo "2222"]
[PlyCount "87"]
[EventDate "2010.10.23"]
[EventType "swiss"]
[EventRounds "9"]
[EventCountry "RUS"]
[SourceTitle "EXT 2011"]
[Source "ChessBase"]
[SourceDate "2010.11.26"]
[SourceVersion "1"]
[SourceVersionDate "2010.11.26"]
[SourceQuality "1"]

1. d4 Nf6 2. c4 g6 3. Nc3 Bg7 4. e4 d6 5. f3 0-0 6. Be3 c5 7. dxc5 dxc5 8. Qxd8 Rxd8 9. Bxc5 Nc6 10. Rd1 Rxd1+ 11. Nxd1 Nd7 12. Ba3 a5 13. Ne3 Nb4 14. Kd1 Ne5 15. g4 Bd7 16. Nd5 e6 17. Bxb4 exd5 18. Bc3 dxe4 19. Bxe5 Bxe5 20. Kc2 exf3 21. Nxf3 Bc6 22. Bg2 Be4+ 23. Kb3 a4+ 24. Kb4 Bxb2 25. Re1 Bc6 26. Re2 Bf6 27. Ne1 Bd7 28. h3 Kf8 29. Nd3 Be7+ 30. Kc3 Rb8 31. Nb4 Bf6+ 32. Kc2 Rc8 33. Kd3 b5 34. Bd5 Bh4 35. Re4 f5 36. Rf4 Ke7 37. gxf5 Bxf5+ 38. Ke2 Bg5 39. Rd4 Bf6 40. Rf4 bxc4 41. Bxc4 Be5 42. Nd5+ Kd6 43. Rh4 Bg3 44. Rd4 0-1

[Event "Kuzbass-ch"]
[Site "Kemerovo"]
[Date "2010.10.29"]
[Round "8"]
[White "Shurjev, Mikhail"]
[Black "Grishenko, Vladimir"]
[Result "1-0"]
[WhiteElo "2284"]
[BlackElo "2222"]
[PlyCount "95"]
[EventDate "2010.10.23"]
[EventType "swiss"]
[EventRounds "9"]
[EventCountry "RUS"]
[SourceTitle "EXT 2011"]
[Source "ChessBase"]
[SourceDate "2010.11.26"]
[SourceVersion "1"]
[SourceVersionDate "2010.11.26"]
[SourceQuality "1"]

1. d4 Nf6 2. Nf3 g6 3. c4 Bg7 4. Nc3 0-0 5. e4 d6 6. Be2 e5 7. 0-0 Nc6 8. d5 Ne7 9. Ne1 Nd7 10. Nd3 f5 11. f3 Nf6 12. b4 a5 13. bxa5 Rxa5 14. a4 b6 15. Bd2 Ra8 16. g4 Kh8 17. Nf2 fxg4 18. fxg4 Neg8 19. Ra3 Nd7 20. g5 Rf4 21. Bxf4 exf4 22. Nb5 Nc5 23. Kh1 Bd7 24. h4 Bxb5 25. cxb5 Qe7 26. Bf3 Qe8 27. Kg2 Qe5 28. Ra2 Qc3 29. Qc1 Qb3 30. Qb1 Qc3 31. Rc1 Qd4 32. Qc2 Qe3 33. Ng4 Qd4 34. Qc4 Qxc4 35. Rxc4 h6 36. Nf2 Ne7 37. Kh3 hxg5 38. hxg5 Kg8 39. Bg4 Be5 40. Kg2 Kg7 41. Kf3 Ra7 42. Be6 Nxe6 43. dxe6 d5 44. exd5 Nxd5 45. Rd2 Ne7 46. Rd7 Kf8 47. Rd8+ Kg7 48. Ng4 1-0

[Event "Kuzbass-ch"]
[Site "Kemerovo"]
[Date "2010.10.28"]
[Round "7"]
[White "Grishenko, Vladimir"]
[Black "Nevostrujev, Vladimir"]
[Result "0-1"]
[WhiteElo "2222"]
[BlackElo "2477"]
[PlyCount "96"]
[EventDate "2010.10.23"]
[EventType "swiss"]
[EventRounds "9"]
[EventCountry "RUS"]
[SourceTitle "EXT 2011"]
[Source "ChessBase"]
[SourceDate "2010.11.26"]
[SourceVersion "1"]
[SourceVersionDate "2010.11.26"]
[SourceQuality "1"]

1. Nf3 Nf6 2. c4 g6 3. Nc3 Bg7 4. e4 d6 5. d4 0-0 6. Be2 c6 7. 0-0 Na6 8. h3 e5 9. dxe5 dxe5 10. Qxd8 Rxd8 11. Be3 Nh5 12. Rfd1 Re8 13. a3 Nf4 14. Bf1 Nc7 15. Kh2 f5 16. exf5 gxf5 17. Bxf4 exf4 18. Bd3 Bxc3 19. bxc3 Kg7 20. Re1 Rxe1 21. Rxe1 Kf6 22. Nd4 Bd7 23. Ne2 Ne6 24. Bc2 Re8 25. Rd1 Re7 26. f3 Be8 27. Kg1 Rd7 28. Rxd7 Bxd7 29. Kf2 Ke5 30. Ke1 Nc5 31. Nd4 Be6 32. Bb1 h6 33. Bc2 Bxc4 34. Bxf5 Nb3 35. Nxb3 Bxb3 36. Bd3 b5 37. Kf2 a5 38. g4 fxg3+ 39. Kxg3 Be6 40. f4+ Kf6 41. h4 Bf5 42. Be2 Bd7 43. Kf3 c5 44. Bd3 b4 45. cxb4 cxb4 46. axb4 axb4 47. Ke3 b3 48. Kd2 Bf5 0-1

[Event "Kemerovo op 08"]
[Site "Kemerovo"]
[Date "2010.08.22"]
[Round "2"]
[White "Grishenko, Vladimir"]
[Black "Isupov, Vladimir"]
[Result "0-1"]
[WhiteElo "2223"]
[BlackElo "2407"]
[PlyCount "74"]
[EventDate "2010.08.21"]
[EventType "swiss"]
[EventRounds "9"]
[EventCountry "RUS"]
[SourceTitle "CBM 138 Extra"]
[Source "ChessBase"]
[SourceDate "2010.10.29"]
[SourceVersion "1"]
[SourceVersionDate "2010.10.29"]
[SourceQuality "1"]

1. d4 Nf6 2. c4 g6 3. Nc3 Bg7 4. Nf3 0-0 5. g3 d6 6. Bg2 c6 7. 0-0 Qa5 8. h3 Nbd7 9. e4 e5 10. d5 cxd5 11. cxd5 b5 12. Re1 Nc5 13. a3 b4 14. axb4 Qxb4 15. Qc2 Bd7 16. Bg5 Rfc8 17. Bxf6 Bxf6 18. Ra2 a5 19. Nd2 Bg5 20. Nf3 Bd8 21. Qe2 Nb3 22. Rd1 a4 23. Qe1 Bb6 24. Nb1 Qc5 25. Bf1 Qc2 26. Nfd2 Bc5 27. Nxb3 Bxf2+ 28. Qxf2 Qxb3 29. Nc3 Rxc3 30. bxc3 Qxd1 31. Kg2 Qb3 32. Qd2 a3 33. Be2 Rb8 34. Bd3 f5 35. Rc2 fxe4 36. Bxe4 Qc4 37. Qe1 a2 0-1

[Event "Kemerovo op"]
[Site "Kemerovo"]
[Date "2010.07.29"]
[Round "5"]
[White "Chigaev, Maksim"]
[Black "Grishenko, Vladimir"]
[Result "1/2-1/2"]
[WhiteElo "2104"]
[BlackElo "2223"]
[PlyCount "58"]
[EventDate "2010.07.26"]
[EventType "swiss"]
[EventRounds "9"]
[EventCountry "RUS"]
[SourceTitle "EXT 2011"]
[Source "ChessBase"]
[SourceDate "2010.11.26"]
[SourceVersion "1"]
[SourceVersionDate "2010.11.26"]
[SourceQuality "1"]

1. e4 c5 2. Nf3 d6 3. d4 cxd4 4. Nxd4 Nf6 5. Nc3 a6 6. Bg5 e6 7. f4 Be7 8. Qf3 Qc7 9. 0-0-0 Nbd7 10. Bd3 h6 11. Bh4 g5 12. fxg5 Ne5 13. Qg3 Nh5 14. Qe3 Rg8 15. Kb1 hxg5 16. Be1 Bd7 17. h3 Nf4 18. Bf1 Nfg6 19. g3 Rh8 20. Be2 0-0-0 21. Bf2 Qc5 22. Qd2 Nc4 23. Qe1 Qc7 24. Bxc4 Qxc4 25. Nb3 Ne5 26. Qe3 Qc7 27. Qa7 Qb8 28. Qd4 Qc7 29. Qa7 Qb8 1/2-1/2

[Event "Kemerovo op"]
[Site "Kemerovo"]
[Date "2010.07.29"]
[Round "6"]
[White "Grishenko, Vladimir"]
[Black "Pavlovskiy, Pavel"]
[Result "1/2-1/2"]
[WhiteElo "2223"]
[BlackElo "2095"]
[PlyCount "134"]
[EventDate "2010.07.26"]
[EventType "swiss"]
[EventRounds "9"]
[EventCountry "RUS"]
[SourceTitle "EXT 2011"]
[Source "ChessBase"]
[SourceDate "2010.11.26"]
[SourceVersion "1"]
[SourceVersionDate "2010.11.26"]
[SourceQuality "1"]

1. Nf3 Nf6 2. c4 g6 3. Nc3 Bg7 4. e4 d6 5. d4 0-0 6. Be2 e5 7. Be3 exd4 8. Nxd4 Re8 9. f3 Nc6 10. 0-0 Nh5 11. Qd2 f5 12. Nxc6 bxc6 13. Bg5 Nf6 14. Bd3 Qe7 15. exf5 Bxf5 16. Bxf5 gxf5 17. Qd3 Qe5 18. Bh4 Nd7 19. Bf2 Qf6 20. Qc2 Ne5 21. c5 d5 22. Ne2 Nc4 23. Nd4 f4 24. Rad1 Bf8 25. b3 Ne3 26. Bxe3 Rxe3 27. b4 Rae8 28. Qa4 Bg7 29. Qxc6 Qg5 30. Nb3 R8e5 31. Qa8+ Kf7 32. Qc8 h5 33. Nd4 Kg6 34. Qxc7 Re7 35. Qc6+ Kh7 36. Qc8 Bxd4 37. Rxd4 Re2 38. Qh3 Rxa2 39. Kh1 Ree2 40. Rg1 Rxg2 41. Qxg2 Rxg2 42. Rxg2 Qf5 43. Rgd2 Qh3 44. Rf2 Qh4 45. Kg2 Qg5+ 46. Kf1 Qf6 47. Kg1 Qg5+ 48. Rg2 Qh4 49. Kf1 Qf6 50. Rgd2 Qf5 51. R2d3 Qh3+ 52. Kg1 Qh4 53. Rxd5 Qe1+ 54. Kg2 Qxb4 55. Rxh5+ Kg6 56. Rhd5 a5 57. c6 Qc4 58. Rd6+ Kf7 59. c7 Ke7 60. Rd7+ Ke6 61. Kh3 a4 62. Kg4 a3 63. R3d4 Qc1 64. R7d6+ Ke7 65. Rd7+ Ke6 66. R7d6+ Ke7 67. Rd7+ Ke6 1/2-1/2

[Event "Kemerovo op"]
[Site "Kemerovo"]
[Date "2010.07.27"]
[Round "3"]
[White "Koveshnikova, Daria"]
[Black "Grishenko, Vladimir"]
[Result "0-1"]
[WhiteElo "2034"]
[BlackElo "2223"]
[PlyCount "114"]
[EventDate "2010.07.26"]
[EventType "swiss"]
[EventRounds "9"]
[EventCountry "RUS"]
[SourceTitle "EXT 2011"]
[Source "ChessBase"]
[SourceDate "2010.11.26"]
[SourceVersion "1"]
[SourceVersionDate "2010.11.26"]
[SourceQuality "1"]

1. d4 Nf6 2. Nf3 g6 3. c4 Bg7 4. g3 0-0 5. Bg2 d6 6. 0-0 Nbd7 7. Nc3 e5 8. e4 c6 9. Re1 Qb6 10. d5 cxd5 11. cxd5 Nc5 12. Qe2 Bd7 13. Be3 Rfc8 14. Rac1 a5 15. b3 Qa6 16. Nd2 Nd3 17. Nc4 Nxc1 18. Rxc1 Bb5 19. Nxb5 Qxb5 20. Re1 Ra6 21. Bf1 Qb4 22. Bd2 Qb5 23. Qf3 Qd7 24. Be3 Qd8 25. Na3 Raa8 26. Nc4 Rab8 27. Ba7 b5 28. Bxb8 bxc4 29. Ba7 Qc7 30. Qe3 cxb3 31. axb3 Nd7 32. Bh3 Ra8 33. Bxd7 Qxd7 34. Bb6 Qb7 35. Rc1 Bh6 36. Qxh6 Qxb6 37. Qe3 Qxe3 38. fxe3 Rb8 39. Rc6 Rxb3 40. Rxd6 Rxe3 41. Ra6 Rxe4 42. Rxa5 Kg7 43. d6 Kf6 44. Ra6 Rd4 45. Kf2 Ke6 46. d7+ Kxd7 47. Ke3 Rd6 48. Ra5 Ke6 49. Ra7 h5 50. Ra8 Rb6 51. Re8+ Kf5 52. Re7 Rb3+ 53. Kd2 f6 54. Ra7 Rb2+ 55. Ke3 Rxh2 56. Ra6 Rb2 57. Ra3 g5 0-1

[Event "Kemerovo op"]
[Site "Kemerovo"]
[Date "2009.10.21"]
[Round "7"]
[White "Grishenko, Vladimir"]
[Black "Pavlovskiy, Pavel"]
[Result "1/2-1/2"]
[WhiteElo "2233"]
[BlackElo "2069"]
[PlyCount "91"]
[EventDate "2009.10.16"]
[EventType "swiss"]
[EventRounds "9"]
[EventCountry "RUS"]
[SourceTitle "EXT 2010"]
[Source "ChessBase"]
[SourceDate "2010.11.25"]
[SourceVersion "1"]
[SourceVersionDate "2010.11.25"]
[SourceQuality "1"]

1. Nf3 Nf6 2. c4 g6 3. Nc3 Bg7 4. e4 0-0 5. d4 d6 6. Be2 Nc6 7. d5 Nb8 8. h3 e5 9. Bg5 Qe8 10. Nd2 a5 11. Rb1 Kh8 12. Be3 Na6 13. a3 c6 14. b4 axb4 15. axb4 Nc7 16. Nb3 b5 17. dxc6 bxc4 18. Na5 d5 19. Nxd5 Nfxd5 20. exd5 Bf5 21. Rc1 Rd8 22. Bxc4 Be4 23. Nb7 Bxg2 24. Rg1 Rxd5 25. Bxd5 Bxd5 26. Bb6 Bxc6 27. Na5 Ba4 28. Qd2 Ne6 29. Rg3 Bb5 30. Bc5 Rg8 31. Nc4 Qa8 32. Kd1 Qa6 33. Nd6 Ba4+ 34. Ke1 Rf8 35. Qd5 Nf4 36. Qc4 Qa8 37. Ra3 Bh6 38. Rxa4 Qxa4 39. Nxf7+ Rxf7 40. Qxf7 Nd3+ 41. Kf1 Nxc1 42. Qf6+ Kg8 43. Qe6+ Kg7 44. Qxe5+ Kf7 45. Qe7+ Kg8 46. Qe6+ 1/2-1/2

[Event "Kemerovo op"]
[Site "Kemerovo"]
[Date "2009.10.17"]
[Round "2"]
[White "Koveshnikova, Daria"]
[Black "Grishenko, Vladimir"]
[Result "0-1"]
[WhiteElo "2004"]
[BlackElo "2233"]
[PlyCount "87"]
[EventDate "2009.10.16"]
[EventType "swiss"]
[EventRounds "9"]
[EventCountry "RUS"]
[SourceTitle "EXT 2010"]
[Source "ChessBase"]
[SourceDate "2010.11.25"]
[SourceVersion "1"]
[SourceVersionDate "2010.11.25"]
[SourceQuality "1"]

1. d4 Nf6 2. c4 g6 3. Nf3 Bg7 4. g3 0-0 5. Bg2 d6 6. Nc3 Nbd7 7. 0-0 e5 8. e4 c6 9. h3 Qb6 10. d5 cxd5 11. cxd5 Nc5 12. Qe2 Bd7 13. Be3 Rfc8 14. Nh4 Qa6 15. Qxa6 bxa6 16. Rfd1 Rab8 17. Rd2 Ne8 18. Bf1 a5 19. Kh2 f5 20. exf5 gxf5 21. Nf3 h6 22. Ne1 Rc7 23. f4 e4 24. Bxc5 Rxc5 25. Rc1 Rbc8 26. Rdc2 Kf8 27. Bb5 Rxb5 28. Nxb5 Rxc2+ 29. Nxc2 Bxb5 30. Ne3 Bd7 31. Rc2 Bd4 32. Re2 Bb5 33. Re1 Bxe3 34. Rxe3 Bd3 35. g4 fxg4 36. hxg4 Nf6 37. Rg3 Nxd5 38. g5 hxg5 39. Rxg5 e3 40. Rxd5 e2 41. Rxd3 e1Q 42. Rg3 Qf2+ 43. Rg2 Qxf4+ 44. Kh1 0-1

[Event "Kemerovo op"]
[Site "Kemerovo"]
[Date "2009.10.16"]
[Round "1"]
[White "Grishenko, Vladimir"]
[Black "Ilenko, Aleksei"]
[Result "1/2-1/2"]
[WhiteElo "2233"]
[BlackElo "1993"]
[PlyCount "140"]
[EventDate "2009.10.16"]
[EventType "swiss"]
[EventRounds "9"]
[EventCountry "RUS"]
[SourceTitle "EXT 2010"]
[Source "ChessBase"]
[SourceDate "2010.11.25"]
[SourceVersion "1"]
[SourceVersionDate "2010.11.25"]
[SourceQuality "1"]

1. Nf3 d5 2. d4 Nf6 3. c4 c6 4. e3 e6 5. Nbd2 Nbd7 6. b3 Bd6 7. Bb2 0-0 8. Bd3 Re8 9. Ne5 Nf8 10. f4 N6d7 11. 0-0 f6 12. Nxd7 Bxd7 13. c5 Bc7 14. e4 f5 15. e5 g6 16. Qe2 h5 17. Nf3 Re7 18. Bc3 Rg7 19. b4 a6 20. a4 Qe8 21. h3 Nh7 22. Bd2 Bd8 23. b5 axb5 24. axb5 Be7 25. b6 Rb8 26. Ra7 Rf7 27. Nh2 Rg7 28. Kh1 g5 29. fxg5 Bxg5 30. Bc3 Bh6 31. g4 hxg4 32. hxg4 Qg6 33. Raa1 Ng5 34. gxf5 exf5 35. Rg1 Qf7 36. Bd2 f4 37. Raf1 Nh3 38. Rxg7+ Bxg7 39. Qg2 Rf8 40. Bg6 Qe7 41. Nf3 Qe6 42. Nh2 Qe7 43. Nf3 Qe6 44. Be1 Qg4 45. Bd2 Bh6 46. Bh5 Qxg2+ 47. Kxg2 Ng5 48. Nxg5 Bxg5 49. Kf3 Kg7 50. Bg4 Be8 51. Bc3 Bg6 52. Kg2 Be4+ 53. Bf3 Bf5 54. Ra1 Rg8 55. Ra7 Bc8 56. Kf2 Rh8 57. Kg2 Bh4 58. Ra1 Bh3+ 59. Kxh3 Be1+ 60. Kg4 Bxc3 61. Ra7 Rb8 62. Ra4 Bd2 63. Kf5 Kf7 64. Ra7 Ke7 65. e6 Be3 66. Ke5 Bg1 67. Be2 Bh2 68. Bf3 Bg3 69. Kf5 Rf8+ 70. Kg4 Rg8+ 1/2-1/2

[Event "Kemerovo op 08"]
[Site "Kemerovo"]
[Date "2009.08.26"]
[Round "7"]
[White "Grishenko, Vladimir"]
[Black "Cheremnova, Tamara"]
[Result "1/2-1/2"]
[WhiteElo "2233"]
[BlackElo "2155"]
[PlyCount "46"]
[EventDate "2009.08.22"]
[EventType "swiss"]
[EventRounds "9"]
[EventCountry "RUS"]
[SourceTitle "EXT 2012"]
[Source "ChessBase"]
[SourceDate "2011.11.24"]
[SourceVersion "1"]
[SourceVersionDate "2011.11.24"]
[SourceQuality "1"]

1. Nf3 d5 2. d4 c6 3. c4 Nf6 4. e3 e6 5. Nbd2 Nbd7 6. b3 Bd6 7. Bb2 b6 8. Bd3 Bb7 9. 0-0 0-0 10. Ne5 c5 11. f4 Qe7 12. Qe2 Rac8 13. Rad1 Rc7 14. Kh1 Ne4 15. Nxd7 Rxd7 16. Nxe4 dxe4 17. Bc2 Rfd8 18. dxc5 Bxc5 19. Rxd7 Rxd7 20. Rd1 Rxd1+ 21. Bxd1 Qd7 22. Bc2 a5 23. Bc1 f5 1/2-1/2

[Event "Kemerovo op"]
[Site "Kemerovo"]
[Date "2009.07.21"]
[Round "2"]
[White "Grishenko, Vladimir"]
[Black "Kljucharev, Sergey"]
[Result "1/2-1/2"]
[WhiteElo "2233"]
[BlackElo "2397"]
[PlyCount "130"]
[EventDate "2009.07.20"]
[EventType "swiss"]
[EventRounds "9"]
[EventCountry "RUS"]
[SourceTitle "EXT 2022"]
[Source "ChessBase"]
[SourceDate "2021.10.06"]
[SourceVersion "1"]
[SourceVersionDate "2021.10.06"]
[SourceQuality "1"]

1. Nf3 d5 2. d4 e6 3. c4 Nf6 4. e3 Be7 5. Nbd2 0-0 6. Bd3 c5 7. cxd5 exd5 8. b3 Nc6 9. Bb2 b6 10. a3 Bd6 11. h3 a5 12. Ne5 Qc7 13. f4 Ba6 14. Bxa6 Rxa6 15. Qe2 Raa8 16. Rc1 Ne7 17. Qd3 Qc8 18. g4 Re8 19. Kf2 Qa6 20. dxc5 bxc5 21. Qxa6 Rxa6 22. Nd3 Nd7 23. e4 dxe4 24. Nxe4 Ng6 25. Nxd6 Rxd6 26. Rcd1 Rb6 27. f5 Ngf8 28. Nc1 a4 29. Rd3 c4 30. Rd4 Rc8 31. b4 c3 32. Ba1 Ne5 33. Ne2 Rbc6 34. Rc1 c2 35. Rd2 Nfd7 36. Nd4 Rc4 37. Rcxc2 Nb6 38. Ke2 Re8 39. Kf2 h6 40. Nf3 Rxc2 41. Rxc2 Nd3+ 42. Kg2 Nd5 43. Bd4 N5f4+ 44. Kh2 Ne2 45. Ba7 Ndf4 46. b5 Kh7 47. Ng1 Nxg1 48. Bxg1 Re1 49. Bd4 Rd1 50. Be5 Nd3 51. Bc7 Rb1 52. b6 f6 53. Rc4 Rb2+ 54. Kg1 Rb1+ 55. Kg2 Rb2+ 56. Kf1 Rb1+ 57. Ke2 Ne5 58. Rxa4 Rb2+ 59. Ke3 Rb3+ 60. Ke4 Nd7 61. Rb4 Rxa3 62. b7 Nc5+ 63. Kd5 Nxb7 64. Rxb7 Rxh3 65. Ke4 Rh1 1/2-1/2

[Event "Kuzbass-ch op"]
[Site "Kemerovo"]
[Date "2008.11.17"]
[Round "5"]
[White "Isupov, Vladimir"]
[Black "Grishenko, Vladimir"]
[Result "1-0"]
[WhiteElo "2429"]
[BlackElo "2238"]
[PlyCount "97"]
[EventDate "2008.11.14"]
[EventType "swiss"]
[EventRounds "9"]
[EventCountry "RUS"]
[SourceTitle "EXT 2022"]
[Source "ChessBase"]
[SourceDate "2021.10.06"]
[SourceVersion "1"]
[SourceVersionDate "2021.10.06"]
[SourceQuality "1"]

1. e4 c5 2. Nf3 d6 3. d4 cxd4 4. Nxd4 Nf6 5. Nc3 a6 6. Be3 e5 7. Nf3 Be7 8. Bc4 0-0 9. 0-0 Be6 10. Bb3 Nc6 11. Qe2 Na5 12. Rfd1 Nxb3 13. axb3 Qe8 14. Bg5 Nh5 15. Ne1 f6 16. Be3 f5 17. exf5 Rxf5 18. Nd5 Bxd5 19. Rxd5 Nf6 20. Rd2 Kh8 21. c4 Qg6 22. Rad1 Ng4 23. Rd5 Raf8 24. f3 Nf6 25. R5d2 h5 26. Nd3 Ne8 27. Kh1 h4 28. Nf2 Nf6 29. Qd3 Qh5 30. Bb6 Rf4 31. Nh3 Rf5 32. Nf2 Rf4 33. Nh3 Rf5 34. Qe2 Qg6 35. Bc7 Ne8 36. Bb8 Qe6 37. Nf2 Qc8 38. Ba7 Qe6 39. h3 Nf6 40. Ne4 Nh5 41. Kh2 Nf4 42. Qf1 Qg6 43. Be3 Nh5 44. Qd3 b5 45. Nxd6 R5f6 46. Ne4 R6f7 47. c5 Qc6 48. b4 Kg8 49. Nd6 1-0

[Event "Kuzbass-ch op"]
[Site "Kemerovo"]
[Date "2008.11.16"]
[Round "4"]
[White "Kljucharev, Sergey"]
[Black "Grishenko, Vladimir"]
[Result "1-0"]
[WhiteElo "2407"]
[BlackElo "2238"]
[PlyCount "145"]
[EventDate "2008.11.14"]
[EventType "swiss"]
[EventRounds "9"]
[EventCountry "RUS"]
[SourceTitle "EXT 2022"]
[Source "ChessBase"]
[SourceDate "2021.10.06"]
[SourceVersion "1"]
[SourceVersionDate "2021.10.06"]
[SourceQuality "1"]

1. Nf3 d5 2. d4 Nf6 3. c4 c6 4. Nc3 e6 5. cxd5 exd5 6. Bg5 Be7 7. Qc2 Nbd7 8. e3 0-0 9. Bd3 Re8 10. 0-0 Nf8 11. Rab1 Be6 12. b4 a6 13. a4 Rc8 14. Ne5 Ng4 15. Bxe7 Rxe7 16. Nxg4 Bxg4 17. Rfc1 Be6 18. Ne2 Re8 19. Nf4 Bd7 20. Qb3 Ng6 21. Bxg6 hxg6 22. b5 axb5 23. axb5 Bf5 24. Ra1 Qb6 25. h4 Ra8 26. Qb4 Rxa1 27. Rxa1 Qd8 28. bxc6 bxc6 29. Qb7 Qc8 30. Qb6 Qd7 31. Ra7 Qd6 32. Qb7 Qf6 33. g3 Rf8 34. f3 g5 35. hxg5 Qxg5 36. Kg2 Qh6 37. g4 Bc8 38. Qe7 Qh7 39. Ra8 Qc2+ 40. Kg3 Qb1 41. Qc7 Qb7 42. Qxb7 Bxb7 43. Ra7 Rb8 44. Nd3 Kf8 45. Nc5 Bc8 46. Rc7 Be6 47. Rxc6 Ke7 48. Rc7+ Kd6 49. Nxe6 Kxe6 50. Kf4 Rb3 51. g5 Rd3 52. g6 fxg6 53. Rxg7 Kf6 54. Rg8 Kf7 55. Rd8 g5+ 56. Kxg5 Rxe3 57. Kf4 Re1 58. Rxd5 Kf6 59. Rf5+ Kg6 60. Re5 Rd1 61. d5 Rd4+ 62. Ke3 Rd1 63. Ke4 Kf6 64. Re6+ Kf7 65. Ke5 Re1+ 66. Kd6 Ra1 67. Re4 Ra6+ 68. Kc7 Ra7+ 69. Kb6 Ra3 70. d6 Rxf3 71. d7 Rd3 72. Kc7 Rc3+ 73. Kd8 1-0

[Event "Kemerovo op"]
[Site "Kemerovo"]
[Date "2008.08.27"]
[Round "7"]
[White "Bayev, Alexander"]
[Black "Grishenko, Vladimir"]
[Result "1/2-1/2"]
[WhiteElo "2370"]
[BlackElo "2206"]
[PlyCount "39"]
[EventDate "2008.08.23"]
[EventType "swiss"]
[EventRounds "9"]
[EventCountry "RUS"]
[SourceTitle "CBM 126 Extra"]
[Source "ChessBase"]
[SourceDate "2008.11.05"]
[SourceVersion "1"]
[SourceVersionDate "2008.11.05"]
[SourceQuality "1"]

1. e4 c5 2. c3 d5 3. exd5 Qxd5 4. d4 Nf6 5. Nf3 e6 6. Be2 cxd4 7. cxd4 Nc6 8. Nc3 Qd6 9. 0-0 Be7 10. Nb5 Qd8 11. Bf4 Nd5 12. Bg3 a6 13. Nc3 0-0 14. Rc1 Nf6 15. h3 b6 16. a3 Bb7 17. Qd2 Na5 18. Rcd1 Rc8 19. Ne5 b5 20. Qd3 1/2-1/2

[Event "Kemerovo op"]
[Site "Kemerovo"]
[Date "2008.08.25"]
[Round "4"]
[White "Grishenko, Vladimir"]
[Black "Chigaev, Maksim"]
[Result "1-0"]
[WhiteElo "2206"]
[BlackElo "2120"]
[PlyCount "109"]
[EventDate "2008.08.23"]
[EventType "swiss"]
[EventRounds "9"]
[EventCountry "RUS"]
[SourceTitle "CBM 126 Extra"]
[Source "ChessBase"]
[SourceDate "2008.11.05"]
[SourceVersion "1"]
[SourceVersionDate "2008.11.05"]
[SourceQuality "1"]

1. Nf3 Nf6 2. c4 g6 3. Nc3 Bg7 4. e4 d6 5. d4 0-0 6. Be2 e5 7. 0-0 exd4 8. Nxd4 Re8 9. f3 Nc6 10. Be3 Nh5 11. Qd2 Nf4 12. Nxc6 Nxe2+ 13. Nxe2 bxc6 14. Bd4 Be6 15. Bxg7 Kxg7 16. Rad1 c5 17. b3 Qf6 18. Rfe1 a5 19. Nc3 Red8 20. Qe3 a4 21. Nxa4 Bxc4 22. e5 dxe5 23. Rxd8 Qxd8 24. Qxe5+ Qf6 25. Qxc5 Be6 26. Qe5 c6 27. Qxf6+ Kxf6 28. Rd1 c5 29. Nc3 Ke5 30. Kf2 Ra3 31. Re1+ Kf6 32. Ne4+ Ke7 33. Nxc5 Rxa2+ 34. Re2 Ra3 35. b4 Kd6 36. Nxe6 fxe6 37. Rb2 Kc6 38. b5+ Kb6 39. Kg3 Ra4 40. f4 e5 41. fxe5 Re4 42. h4 Rxe5 43. Kf4 Rf5+ 44. Kg4 Rf7 45. h5 Rf5 46. hxg6 hxg6 47. Re2 Kxb5 48. Re6 Rf2 49. g3 Kc5 50. Rxg6 Kd5 51. Kg5 Ke5 52. g4 Rh2 53. Rg8 Ke6 54. Kg6 Rg2 55. Re8+ 1-0